Регионална библиотека "Любен Каравелов" - Русе

Ако бях Ротшилд (Запис номер 117598)

MARC детайли
000 -Лидер
Контролно поле с фиксирана дължина 01722nam a2200325 c 4500
003 - Код на организацията, давaща контролен номер
Контролно поле BLK
005 - Дата и час на последна редакция
Контролно поле 20241127105335.0
008 - Елементи от данни с фиксирана дължина
fixed length control field 180409b bul|||||r ||||||| ||bul||
010 ## - Наследен системен номер
LC control number KNG00123185000
040 ## - Източник на каталожния запис
Идентификатор на билиотеката - собственик на записа BLK
041 ## - Код за език
Код за езика на текст/звукозапис или на отделно заглавие Български
Код за езика КДБФ Български
080 ## - УДК
Текстов определител УДК Еврейска литература на иврит. Вж и 830-088
УДК код - определител по УДК 821.411.16
УДК определител -32
УДК - код + определител 821.411.16-32
100 1# - Редна дума - Автор
Автор Шалом Алейхем
Авторска отговорност първи автор
Автор - информация (биография) Рабинович, Шалом Нахумович
R(LIN) 315326
139 ## - Редно поле
Редна дума Шалом Алейхем
Авторски знак Шало - Ш 20
245 10 - Сведения за заглавието
Заглавие Ако бях Ротшилд
Подзаглавни данни Повести и разкази
Редно поле (дума) Шалом Алейхем; * Шолом Алейхем; прев. от рус. Анатолий Димитров; състав. София Бранц.
257 ## - Страна на издаване
Страна на създаване/издаване Израел
260 ## - Област на издателските данни
-- София
Име на издателя, разпространителя и проч. Нар. култура
Година на издаване 1989
Печатница В. Търново : Д. Найденов
300 ## - Физическа характеристика
Страници 688 с.
Размери/Мащаб 21 см
380 ## - Жанр
Жанр Худож. лит.
500 ## - Общи забележки
Забележка Прев. е направен от Собрание сочинений в 6 т. Т. 1, 3, 4, 5 ; Заколдованы портной ; Тевье-молочник / Шалом Алейхем. - Шалом Алейхем - псевд. на Шалом Нахимович Рабинович
700 1# - Други автори (авторска отговорност)
Лично име Шолом Алейхем
Автороска отговорност (Описва отношението между автора и произведението) *
9 (RLIN) 143889
700 1# - Други автори (авторска отговорност)
Лично име Димитров, Анатолий
Автороска отговорност (Описва отношението между автора и произведението) прев. от рус.
9 (RLIN) 315327
700 1# - Други автори (авторска отговорност)
Лично име Бранц, София
Автороска отговорност (Описва отношението между автора и произведението) състав.
9 (RLIN) 376045
852 ## - Местоположение
Форматна сигнатура Цб 157046
856 4# - Електронен адрес и достъп
Електронен формат pdf - файл
Път до файла /url/
856 4# - Електронен адрес и достъп
Електронен формат pdf - файл
Път до файла /url/
942 ## - АРТИКУЛИ
Вид на библиотечния материал Книги
Скрит в OPAC Не
Koha issues (borrowed), all copies 1
944 ## - СЪЗДАВАНЕ И РЕДАКЦИЯ на ЗАПИСА
Създаване/Редакция Създаване
Дата на регистрацията/редакция 05.05.2011
Статус, дата на статуса Цветомила Тодорова
Служител, извършил регистрацията/редакцията 30576
944 ## - СЪЗДАВАНЕ И РЕДАКЦИЯ на ЗАПИСА
Създаване/Редакция Редакция
Дата на регистрацията/редакция 15.08.2016
Статус, дата на статуса добави в АБ / 04.05.2011
Служител, извършил регистрацията/редакцията Нора_Радева
999 ## - СИСТЕМНИ КОНТРОЛНИ НОМЕРА
Koha biblionumber 117598
Koha biblioitemnumber 117598
Наличности
Код за отписване Код за изгубен артикул Източник на класификационната схема Код за повреда Коз за рестрикции Код за отдаване Артикулен № Име на библиотеката - собственик Име на библиотеката, в която се намира в момента Статус (Текущо местоположение) Дата на вписване в системата Местоположение - отдел Цена в лева Инвентарен номер Систематично азбучна сигнатура Баркод Номер на екземпляра Цена в евро Служебна бележка Служебен тип на артикула
  Не е изгубен Universal Decimal Classification Не е повреден без рестрикции ползва се в читалня 189679 Регионална библиотека "Любен Каравелов" Русе Регионална библиотека "Любен Каравелов" Русе Хранилище 1989-01-01 Хранилище 3.40 515030 Цб 157046 120000515030 1 1.74 Дост: Dp Вид: Д N: стар фонд Дата: 01.01.1989 Книги
  Не е изгубен Universal Decimal Classification Не е повреден без рестрикции заемане за дома 189680 Регионална библиотека "Любен Каравелов" Русе Регионална библиотека "Любен Каравелов" Русе Заемна - подръчен фонд 1989-01-01 Заемна - подръчен фонд 3.40 516660 П 89-31/А 50 120000516660 2 1.74 Дост: Pk Вид: Ф N: стар фонд Дата: 01.01.1989 Дата инв: 08.02.2018 Бележки инв: П2018 Книги
Vip Innovations Ltd, Rousse, Bulgaria 2025